000 00204nam a22000857a 4500
008 170131b xxu||||| |||| 00| 0 eng d
100 _92713
_aBose Sudhakar
245 _aCCE Science-6
260 _aNew Delhi
_c2015
999 _c5877
_d5877